| 000 | 01037 a2200241 4500 | ||
|---|---|---|---|
| 003 | Nust | ||
| 005 | 20170207154008.0 | ||
| 010 | _a 2002033363 | ||
| 020 | _a0470844760 (alk. paper) | ||
| 040 | _cNust | ||
| 082 | 0 | 0 | _a004.68 |
| 100 | 1 | _aHeld, Gilbert, | |
| 245 | 1 | 0 |
_aEthernet networks -(EBOOK) _cGilbert Held. |
| 250 | _a4th ed. | ||
| 260 |
_aLondon ; _aNew York : _bWiley, _c2003. |
||
| 300 |
_axix, 589 p. : _bill. ; _c24 cm. |
||
| 505 | _aIntroduction To Networking Concepts (Page-1) Networking Standards (Page-37) Ethernet Networks (Page-65) Frame Operations (Page-155) Networking Hardware And Software (Page-191) Bridging And Switching Methods And Performance | ||
| 650 | 0 | _aEthernet (Local area network system) | |
| 651 | _aEBOOK | ||
| 856 | 4 | 2 |
_3Contributor biographical information _uhttp://www.loc.gov/catdir/bios/wiley044/2002033363.html |
| 856 | 4 | 2 |
_3Publisher description _uhttp://www.loc.gov/catdir/description/wiley037/2002033363.html |
| 856 | 4 | 2 |
_3Table of contents _uhttp://www.loc.gov/catdir/toc/wiley031/2002033363.html |
| 942 |
_2ddc _cBK |
||
| 999 |
_c191073 _d191073 |
||